00453nam a2200169Ia 450000500170000000800410001704000190005804100120007708200160008910000230010524500630012826000340019130000110022550400190023665000180025585000100027320230412150226.0131103s9999 xx 000 0 und d aLoreto College aEnglish a823.09bTIL aTillyard, E. M. W. 4aThe Epic strainb in the English novel cE. M. W. Tillyard aLondonbChatto & Windusc1958 a207p.  aIncludes index aEnglish novel aLCLIB